• 首页
  • 本馆介绍
  • 公告通知
  • 最新文献
  • 馆藏检索
  • 电子资源
  • 读者导购
  • 参考咨询
  • 我的图书馆
  • 登录
  • 详细信息显示
  • 放入我的书架
  • 预约/预借图书
  • 作者相关作品
  • 分类相关作品
  • 丛书相关作品
  • 出版社相关作品

书目信息

  • 表格格式
  • 工作单格式
  • 卡片格式
题名:
温差剪切分层流运动特性试验与数值模拟
    
 
作者: 华祖林 , 褚克坚 著
分册:  
出版信息: 北京   科学出版社  2008
页数: 163页
开本: 21cm
丛书名:
单 册:
中图分类: O357
科图分类:
主题词: 剪切流动--分层流动--研究 , 剪切流动 , 分层流动
电子资源:
ISBN: 978-7-03-020328-1
000 00929nam0 2200253 45
005 20100303153716.60
010    @a978-7-03-020328-1@dCNY30.00
100    @a20100121d2008 em y0chiy0110 ea
101 0  @achi
102    @aCN@b110000
105    @aa z 000yy
106    @ar
200 1  @a温差剪切分层流运动特性试验与数值模拟@AWen Cha Jian Qie Fen Ceng Liu Yun Dong Te Xing Shi Yan Yu Shu Zhi Mo Ni@f华祖林,褚克坚著@FHua Zu Lin, Chu Ke Jian Zhu
210    @a北京@c科学出版社@d2008
215    @a163页@c图@d21cm
330    @a本书通过室内实验、数值计算和理论分析,研究了温差剪切分层流的运动特性及变化规律;对直段和不同弯段水槽分层流运动机理进行了物理模型实验和数学模型研究。
606 0  @a剪切流动@x分层流动@x研究
606 0  @a剪切流动
606 0  @a分层流动
690    @aO357@v4
701  0 @a华祖林@AHua Zu Lin@4著
701  0 @a褚克坚@AChu Ke Jian@4著
801  0 @aCN@bTANGWEI@c20100303
905    @b0585183-87@dO357@e7@f5
    
    温差剪切分层流运动特性试验与数值模拟/华祖林,褚克坚著.-北京:科学出版社,2008
    163页:图;21cm
    
    
    ISBN 978-7-03-020328-1:CNY30.00
    本书通过室内实验、数值计算和理论分析,研究了温差剪切分层流的运动特性及变化规律;对直段和不同弯段水槽分层流运动机理进行了物理模型实验和数学模型研究。
●
相关链接 在E读中查询图书 在五车中查询图书 在当当中查询图书 在豆瓣中查询图书


正题名:温差剪切分层流运动特性试验与数值模拟     索取号:O357/7         预约/预借

序号 登录号 条形码 馆藏地/架位号 状态 备注
1 0585183   205851835   第二样本阅览室/ [索取号:O357/7] 在馆    
2 0585184   205851844   第三借阅区/ [索取号:O357/7] 在馆    
3 0585185   205851853   第三借阅区/ [索取号:O357/7] 在馆    
4 0585186   205851862   密集书库-化学系/ [索取号:O357/7] 在馆    
5 0585187   205851871   第三借阅区/ [索取号:O357/7] 在馆    
唐山师范学院图书馆 欢迎您!
大连网信软件有限公司© 版权所有